[Event "Deltalift op"]
[Site "Tylosand"]
[Date "2017.05.25"]
[Round "2"]
[White "Kucuksari, Kaan"]
[Black "Svedberg, Hans"]
[Result "1-0"]
[WhiteElo "2310"]
[BlackElo "1998"]
[PlyCount "63"]
[EventDate "2017.05.25"]
[EventType "swiss"]
[EventRounds "8"]
[EventCountry "SWE"]
[SourceTitle "CBM 178 Extra"]
[Source "ChessBase"]
[SourceDate "2017.06.22"]
[SourceVersion "1"]
[SourceVersionDate "2017.06.22"]
[SourceQuality "1"]

1. d4 Nf6 2. Nf3 g6 3. c4 Bg7 4. Nc3 d5 5. cxd5 Nxd5 6. g3 0-0 7. Bg2 Nb6 8. 0-0 Nc6 9. e3 e5 10. d5 Na5 11. e4 c6 12. Bg5 f6 13. Be3 cxd5 14. Bxb6 Qxb6 15. Nxd5 Qd8 16. b4 Nc6 17. Rc1 Bg4 18. Qb3 Kh8 19. b5 Na5 20. Qb4 Rf7 21. Rfd1 Rd7 22. Ne3 Bxf3 23. Bxf3 b6 24. Bg4 Bf8 25. Qc3 Rd4 26. Nd5 Bc5 27. Rxd4 exd4 28. Qf3 Kg7 29. Nf4 Qe7 30. e5 Re8 31. Ne6+ Kh8 32. exf6 1-0

[Event "Deltalift op"]
[Site "Tylosand"]
[Date "2017.05.25"]
[Round "4"]
[White "Nilsson, Anders1"]
[Black "Svedberg, Hans"]
[Result "1-0"]
[WhiteElo "2186"]
[BlackElo "1998"]
[PlyCount "89"]
[EventDate "2017.05.25"]
[EventType "swiss"]
[EventRounds "8"]
[EventCountry "SWE"]
[SourceTitle "CBM 178 Extra"]
[Source "ChessBase"]
[SourceDate "2017.06.22"]
[SourceVersion "1"]
[SourceVersionDate "2017.06.22"]
[SourceQuality "1"]

1. d4 Nf6 2. c4 g6 3. Nc3 d5 4. Bg5 Bg7 5. Nf3 c6 6. e3 0-0 7. Qb3 dxc4 8. Bxc4 Qb6 9. Qa3 e6 10. 0-0 Nbd7 11. Bf4 Nd5 12. Bd6 Re8 13. Ne4 Bf8 14. Bxf8 Rxf8 15. Ne5 Qc7 16. Nxd7 Bxd7 17. Bxd5 exd5 18. Nf6+ Kg7 19. Qe7 Qd8 20. Qxd7 Qxf6 21. Rac1 Rab8 22. b4 a6 23. a4 Qe6 24. Qc7 Rfc8 25. Qf4 Qe7 26. Rb1 Qc7 27. Qg5 f6 28. Qg4 Qe7 29. Qf4 Qc7 30. Qf3 Qe7 31. Rfc1 Qe4 32. Qg3 Qe7 33. h4 b6 34. Rxc6 Rxc6 35. Qxb8 Qc7 36. Qa8 Qc8 37. Qa7+ Kh6 38. Qe7 Re6 39. Qf7 Qe8 40. Qxe8 Rxe8 41. Rc1 Kh5 42. g3 f5 43. Rc6 Rb8 44. Rd6 b5 45. a5 1-0

[Event "Helsingor Xtracon op"]
[Site "Helsingor"]
[Date "2016.07.27"]
[Round "6"]
[White "Christensen, Lasse"]
[Black "Svedberg, Hans"]
[Result "1-0"]
[WhiteElo "2162"]
[BlackElo "1985"]
[PlyCount "103"]
[EventDate "2016.07.23"]
[EventType "swiss"]
[EventRounds "10"]
[EventCountry "DEN"]
[SourceTitle "CBM 173 Extra"]
[Source "ChessBase"]
[SourceDate "2016.08.29"]
[SourceVersion "1"]
[SourceVersionDate "2016.08.29"]
[SourceQuality "1"]

1. d4 Nf6 2. c4 g6 3. Nc3 d5 4. Bg5 Ne4 5. Bf4 Nxc3 6. bxc3 dxc4 7. Qa4+ c6 8. Qxc4 Bg7 9. Nf3 Nd7 10. e3 0-0 11. Be2 Qa5 12. 0-0 e5 13. Bg3 e4 14. Nd2 Re8 15. Qb3 Nb6 16. Qc2 Qa4 17. Bd1 Qxc2 18. Bxc2 f5 19. Bb3+ Be6 20. Bxe6+ Rxe6 21. Rab1 Rc8 22. c4 c5 23. d5 Ree8 24. Rb3 Re7 25. Rfb1 Rd7 26. h3 Ra8 27. Bf4 Bf6 28. g4 Kf7 29. a4 Nxa4 30. Rxb7 Rad8 31. R1b5 Bc3 32. Bc7 Nb6 33. Rxa7 Bxd2 34. Bxb6 f4 35. exf4 e3 36. Kf1 Rxa7 37. Bxa7 Re8 38. fxe3 Rxe3 39. Rxc5 Rxh3 40. Rc7+ Ke8 41. f5 gxf5 42. gxf5 Ba5 43. Kg2 Rh5 44. Rg7 Bc3 45. Rg3 Bf6 46. Rf3 Rg5+ 47. Kf1 h5 48. Bf2 Rg4 49. Re3+ Kf7 50. c5 Rf4 51. c6 Bd8 52. d6 1-0

[Event "Pardubice Czech op-B 26th"]
[Site "Pardubice"]
[Date "2015.07.30"]
[Round "7"]
[White "Svedberg, Hans"]
[Black "Nikolaev, Leonid"]
[Result "1/2-1/2"]
[WhiteElo "2022"]
[BlackElo "2311"]
[PlyCount "23"]
[EventDate "2015.07.24"]
[EventType "swiss"]
[EventRounds "9"]
[EventCountry "CZE"]
[SourceTitle "EXT 2017"]
[Source "ChessBase"]
[SourceDate "2016.10.25"]
[SourceVersion "1"]
[SourceVersionDate "2016.10.25"]
[SourceQuality "1"]

1. e4 d6 2. d4 Nf6 3. Nc3 g6 4. Bg5 c6 5. Qd2 h6 6. Bh4 b5 7. Bd3 Bg7 8. f4 0-0 9. Nf3 b4 10. Nd1 Qb6 11. c3 Bg4 12. e5 1/2-1/2

[Event "Pardubice op rap 26th"]
[Site "Pardubice"]
[Date "2015.07.23"]
[Round "6"]
[White "Rydl, Jiri"]
[Black "Svedberg, Hans"]
[Result "1-0"]
[WhiteElo "2427"]
[BlackElo "2022"]
[PlyCount "92"]
[EventDate "2015.07.22"]
[EventType "swiss (rapid)"]
[EventRounds "9"]
[EventCountry "CZE"]
[SourceTitle "CBM 167 Extra"]
[Source "ChessBase"]
[SourceDate "2015.09.14"]
[SourceVersion "1"]
[SourceVersionDate "2015.09.14"]
[SourceQuality "1"]

1. c4 e5 2. g3 Nf6 3. Bg2 d5 4. cxd5 Nxd5 5. Nc3 Nb6 6. Nf3 Nc6 7. 0-0 Be7 8. a3 0-0 9. b4 Re8 10. Rb1 Bf8 11. d3 a5 12. b5 Nd4 13. Nd2 Rb8 14. e3 Ne6 15. Nb3 a4 16. Na1 Ra8 17. Nc2 Nc5 18. d4 Nb3 19. dxe5 Qe7 20. Bb2 Nc4 21. Nd5 Qd8 22. Ncb4 Be6 23. Qc2 Ncd2 24. Rfd1 Bxb4 25. Nxb4 Ra5 26. Bc3 Nxb1 27. Rxd8 Rxd8 28. Qxb1 Rxb5 29. Qc2 c5 30. Nd3 Bf5 31. e4 Bg4 32. f3 Be6 33. f4 b6 34. f5 Bc8 35. Nf4 Nd4 36. Bxd4 Rxd4 37. Nd5 Kf8 38. Qc1 h6 39. f6 Rb3 40. e6 Bxe6 41. Qf4 gxf6 42. Qxh6+ Ke8 43. Nc7+ Kd7 44. Nxe6 Kxe6 45. Bf1 Rb2 46. Qf8 Rdd2 1-0

[Event "Pardubice op rap 26th"]
[Site "Pardubice"]
[Date "2015.07.23"]
[Round "4"]
[White "Svedberg, Hans"]
[Black "Chekletsov, Egor"]
[Result "1/2-1/2"]
[WhiteElo "2022"]
[BlackElo "1942"]
[PlyCount "62"]
[EventDate "2015.07.22"]
[EventType "swiss (rapid)"]
[EventRounds "9"]
[EventCountry "CZE"]
[SourceTitle "CBM 167 Extra"]
[Source "ChessBase"]
[SourceDate "2015.09.14"]
[SourceVersion "1"]
[SourceVersionDate "2015.09.14"]
[SourceQuality "1"]

1. e4 c5 2. b3 Nc6 3. Bb2 e5 4. f4 d6 5. Nf3 Bg4 6. Bb5 exf4 7. 0-0 Nf6 8. d4 cxd4 9. Qxd4 Qb6 10. Qxb6 axb6 11. Bxf6 gxf6 12. Nbd2 Bd7 13. a4 0-0-0 14. Nc4 Kc7 15. Rad1 Re8 16. Nfd2 Bg4 17. Nf3 Rxe4 18. h3 Bxf3 19. Rxf3 Nd4 20. Rfd3 Nxb5 21. axb5 Re6 22. Rd4 f3 23. g4 Rg8 24. Kf2 Rg5 25. Kxf3 Rxb5 26. Ne3 Bh6 27. Nf5 Bf8 28. Ne3 Bh6 29. Nf5 Bf8 30. Ne3 Rbe5 31. R1d3 Rb5 1/2-1/2

[Event "Pardubice op rap 26th"]
[Site "Pardubice"]
[Date "2015.07.22"]
[Round "3"]
[White "Fang, Andy"]
[Black "Svedberg, Hans"]
[Result "1/2-1/2"]
[WhiteElo "1798"]
[BlackElo "2022"]
[PlyCount "65"]
[EventDate "2015.07.22"]
[EventType "swiss (rapid)"]
[EventRounds "9"]
[EventCountry "CZE"]
[SourceTitle "CBM 167 Extra"]
[Source "ChessBase"]
[SourceDate "2015.09.14"]
[SourceVersion "1"]
[SourceVersionDate "2015.09.14"]
[SourceQuality "1"]

1. d4 Nf6 2. Bg5 g6 3. Bxf6 exf6 4. e3 d5 5. g3 Bg7 6. Bg2 c6 7. Ne2 0-0 8. 0-0 Be6 9. Nd2 f5 10. b3 Nd7 11. c4 Nf6 12. Rc1 Qd6 13. c5 Qe7 14. Nc3 h5 15. h4 Ne4 16. Ndxe4 fxe4 17. b4 Bg4 18. Qd2 Bh6 19. Ne2 g5 20. hxg5 Bxg5 21. Nf4 h4 22. Bh3 Bf3 23. Bg2 hxg3 24. fxg3 Bg4 25. Bh3 Qd7 26. Bxg4 Qxg4 27. Kg2 f6 28. Qd1 Qxd1 29. Rcxd1 Kf7 30. Rh1 Rh8 31. Rxh8 Rxh8 32. Rh1 Rxh1 33. Kxh1 1/2-1/2

[Event "Deltalift op"]
[Site "Tylosand"]
[Date "2015.05.14"]
[Round "2"]
[White "Svedberg, Hans"]
[Black "Lind, Jan Olov"]
[Result "0-1"]
[WhiteElo "2026"]
[BlackElo "2245"]
[PlyCount "74"]
[EventDate "2015.05.14"]
[EventType "swiss"]
[EventRounds "8"]
[EventCountry "SWE"]
[SourceTitle "CBM 166 Extra"]
[Source "ChessBase"]
[SourceDate "2015.06.18"]
[SourceVersion "1"]
[SourceVersionDate "2015.06.18"]
[SourceQuality "1"]

1. e4 c5 2. b3 Nc6 3. Bb2 e5 4. Nf3 d6 5. Bb5 Bd7 6. 0-0 Nf6 7. Re1 Be7 8. Na3 0-0 9. c3 a6 10. Bf1 Bg4 11. h3 Bh5 12. g4 Bg6 13. d3 b5 14. Nh4 d5 15. Nxg6 fxg6 16. Nc2 d4 17. cxd4 cxd4 18. a3 Ne8 19. Be2 Bh4 20. Rf1 Ra7 21. Ne1 Raf7 22. Nf3 Be7 23. b4 Bd6 24. Kg2 Nc7 25. Rc1 Nb8 26. Rc2 Ne6 27. Bc1 Nf4+ 28. Bxf4 Rxf4 29. Qe1 Nd7 30. Qd1 Nb6 31. Rc6 Na4 32. Qb3+ Kh8 33. Rfc1 Nc3 34. R1xc3 dxc3 35. Rxc3 h5 36. gxh5 gxh5 37. Qd5 Qf6 0-1

[Event "Politiken Cup 36th"]
[Site "Helsingor"]
[Date "2014.07.28"]
[Round "9"]
[White "Brorsen, Jacob Abildlund"]
[Black "Svedberg, Hans"]
[Result "1-0"]
[WhiteElo "2179"]
[BlackElo "1997"]
[PlyCount "107"]
[EventDate "2014.07.21"]
[EventType "swiss"]
[EventRounds "10"]
[EventCountry "DEN"]
[SourceTitle "CBM 161 Extra"]
[Source "ChessBase"]
[SourceDate "2014.08.29"]
[SourceVersion "1"]
[SourceVersionDate "2014.08.29"]
[SourceQuality "1"]

1. e4 d6 2. d4 Nf6 3. Nc3 e5 4. Nf3 Nbd7 5. Bc4 Be7 6. 0-0 0-0 7. h3 a6 8. a4 b6 9. Qe2 c6 10. Rd1 Qc7 11. Bb3 Rb8 12. Qe3 Nh5 13. Ne2 exd4 14. Nexd4 Nc5 15. Bc4 b5 16. axb5 axb5 17. Bf1 Nf6 18. Nd2 Re8 19. Qf3 Bf8 20. e5 dxe5 21. Qxc6 Qd8 22. N4b3 Bb7 23. Qxb5 Bf3 24. gxf3 Rxb5 25. Bxb5 Nxb3 26. cxb3 Re6 27. Re1 Nd5 28. Ne4 Qh4 29. Bf1 Re8 30. Ra4 Qh5 31. Kg2 h6 32. Bd3 f5 33. Ng3 Qf7 34. Bxf5 Kh8 35. Bd3 Nf6 36. Bc4 Qg6 37. Ra6 Qc2 38. Bxh6 Qxb2 39. Bg5 Be7 40. Re2 Qd4 41. Re6 Bf8 42. Bxf6 Rxe6 43. Bxg7+ Bxg7 44. Bxe6 Qd6 45. Bc4 Bh6 46. Ra2 Qd8 47. Ra6 Qd2 48. Rg6 Kh7 49. Rg4 Bf8 50. Ne4 Qc2 51. Bg8+ Kh6 52. Bf7 Be7 53. Rg8 Kh7 54. Bg6+ 1-0

[Event "Politiken Cup 36th"]
[Site "Helsingor"]
[Date "2014.07.25"]
[Round "6"]
[White "Svedberg, Hans"]
[Black "Thybo, Jesper Sondergaard"]
[Result "0-1"]
[WhiteElo "1997"]
[BlackElo "2121"]
[PlyCount "122"]
[EventDate "2014.07.21"]
[EventType "swiss"]
[EventRounds "10"]
[EventCountry "DEN"]
[SourceTitle "CBM 161 Extra"]
[Source "ChessBase"]
[SourceDate "2014.08.29"]
[SourceVersion "1"]
[SourceVersionDate "2014.08.29"]
[SourceQuality "1"]

1. e4 c5 2. b3 d6 3. Bb2 Nf6 4. Bb5+ Nbd7 5. Bxd7+ Bxd7 6. d3 g6 7. Nf3 Bg7 8. 0-0 Bc6 9. Nbd2 b5 10. Qe2 0-0 11. c4 e6 12. g3 Re8 13. Rfe1 Qc8 14. Nh4 Qb7 15. Rab1 Rad8 16. f3 a6 17. Qf2 Qc7 18. Nf1 bxc4 19. dxc4 Qa5 20. Ba1 g5 21. Ng2 g4 22. fxg4 Nxe4 23. Qc2 Ng5 24. Re2 Bf3 25. Bxg7 Kxg7 26. h4 Nh3+ 27. Kh2 Bxg4 28. Nfe3 h5 29. Nxg4 hxg4 30. Rf1 d5 31. cxd5 Rxd5 32. Qe4 f5 33. Qe3 Qc7 34. Qc3+ Kf7 35. Rfe1 Qd6 36. Qc1 Rd3 37. Re5 Kg7 38. Qxc5 Qxc5 39. Rxc5 Nf2 40. Nf4 Rd2 41. Re2 Rxe2 42. Nxe2 Rd8 43. Rc2 Rd6 44. Kg2 Nd1 45. Kg1 Kf6 46. Nc1 Ne3 47. Re2 Nc4 48. Kf2 Nd2 49. Kg2 Ne4 50. Rb2 Nc3 51. Kh2 e5 52. Ne2 Nxe2 53. Rxe2 f4 54. gxf4 exf4 55. Rc2 Kf5 56. b4 Rd3 57. a4 Rh3+ 58. Kg1 g3 59. b5 axb5 60. axb5 f3 61. b6 g2 0-1

[Event "Politiken Cup 36th"]
[Site "Helsingor"]
[Date "2014.07.22"]
[Round "3"]
[White "Alle, Ambjorn"]
[Black "Svedberg, Hans"]
[Result "1-0"]
[WhiteElo "2196"]
[BlackElo "1997"]
[PlyCount "57"]
[EventDate "2014.07.21"]
[EventType "swiss"]
[EventRounds "10"]
[EventCountry "DEN"]
[SourceTitle "CBM 161 Extra"]
[Source "ChessBase"]
[SourceDate "2014.08.29"]
[SourceVersion "1"]
[SourceVersionDate "2014.08.29"]
[SourceQuality "1"]

1. Nf3 d5 2. c4 c6 3. d4 Nf6 4. Nc3 g6 5. e3 Bg7 6. Be2 0-0 7. 0-0 Bf5 8. Qb3 Qb6 9. Qa3 Re8 10. cxd5 cxd5 11. Bd2 Nc6 12. Rfc1 Bf8 13. Na4 Qd8 14. Qb3 Na5 15. Bxa5 Qxa5 16. Rc5 Qd8 17. Qxb7 e5 18. Rcc1 exd4 19. Nxd4 Bg4 20. Qc7 Bxe2 21. Qxd8 Raxd8 22. Nxe2 Bd6 23. Rc6 Ng4 24. h3 Ne5 25. Rc2 Nc4 26. Rd1 Be5 27. b3 Nb6 28. Nxb6 axb6 29. Rcd2 1-0

[Event "Politiken Cup 35th"]
[Site "Helsingor"]
[Date "2013.08.03"]
[Round "9"]
[White "Svedberg, Hans"]
[Black "Frederiksen Kristian, Pade"]
[Result "1/2-1/2"]
[WhiteElo "2011"]
[BlackElo "1823"]
[PlyCount "116"]
[EventDate "2013.07.27"]
[EventType "swiss"]
[EventRounds "10"]
[EventCountry "DEN"]
[SourceTitle "CBM 155 Extra"]
[Source "ChessBase"]
[SourceDate "2013.08.26"]
[SourceVersion "1"]
[SourceVersionDate "2013.08.26"]
[SourceQuality "1"]

1. e4 e6 2. d4 d5 3. Nc3 Bb4 4. e5 Bf8 5. Nce2 c5 6. c3 Nc6 7. a3 c4 8. h4 Qc7 9. h5 Bd7 10. Bf4 Na5 11. Nf3 h6 12. g3 Ne7 13. Nh4 Nc8 14. Nc1 Nb6 15. Bh3 Na4 16. Qc2 0-0-0 17. 0-0 Kb8 18. Ne2 Be7 19. Ng2 Ka8 20. Bc1 Nb3 21. Ra2 Rdg8 22. f4 g6 23. hxg6 fxg6 24. Ne3 Nb6 25. Kh2 h5 26. Nd1 Nxc1 27. Qxc1 g5 28. f5 exf5 29. Bxf5 g4 30. Qc2 h4 31. Kg2 Rg5 32. Ne3 Qc8 33. Raa1 hxg3 34. Nxg3 Rh4 35. Rh1 Rg8 36. Bxd7 Qxd7 37. Nef5 Rh3 38. Qe2 Qe6 39. Nxe7 Qxe7 40. Rxh3 gxh3+ 41. Kh2 Qg7 42. Rg1 a6 43. Qe3 Qh7 44. Qf2 Ka7 45. Re1 Nc8 46. Re2 Ne7 47. Qf3 Qg7 48. Qf2 Rf8 49. Qg1 Qg4 50. Rf2 Rf3 51. Rxf3 Qxf3 52. Qf1 Qg4 53. Qxh3 Qg5 54. Qh5 Qd2+ 55. Qe2 Qh6+ 56. Kg2 Ng6 57. Kg1 Qc1+ 58. Nf1 Nf4 1/2-1/2

[Event "Politiken Cup 35th"]
[Site "Helsingor"]
[Date "2013.07.31"]
[Round "6"]
[White "Svedberg, Hans"]
[Black "Larsen, Preben R"]
[Result "1-0"]
[WhiteElo "2011"]
[BlackElo "1836"]
[PlyCount "135"]
[EventDate "2013.07.27"]
[EventType "swiss"]
[EventRounds "10"]
[EventCountry "DEN"]
[SourceTitle "CBM 155 Extra"]
[Source "ChessBase"]
[SourceDate "2013.08.26"]
[SourceVersion "1"]
[SourceVersionDate "2013.08.26"]
[SourceQuality "1"]

1. e4 c5 2. Nf3 Nc6 3. Bb5 a6 4. Bxc6 dxc6 5. b3 Bg4 6. Bb2 e6 7. d3 Nf6 8. Nbd2 Qc7 9. h3 Bh5 10. g4 Bg6 11. Ne5 0-0-0 12. Qe2 Nd7 13. Ndf3 f6 14. Nxg6 hxg6 15. e5 Be7 16. 0-0-0 f5 17. g5 Rh5 18. h4 Rdh8 19. Qe3 Qd8 20. Rhg1 Kb8 21. Kb1 Qc7 22. c4 Rd8 23. Bc3 b6 24. Kc2 Kb7 25. a3 Rhh8 26. Rh1 Rh5 27. Rh3 Nf8 28. Ne1 f4 29. Qxf4 Bxg5 30. Qg3 Be7 31. f4 Rd7 32. Ng2 Rd8 33. Rhh1 Rd7 34. Qg4 Qd8 35. Rh3 Ka7 36. Qg3 Kb7 37. Qf2 Rf5 38. Qg3 Rh5 39. Rhh1 Kc7 40. Kb2 Kb7 41. Kc2 Kc7 42. Bd2 Kb7 43. Be3 Kc7 44. Bf2 Kb7 45. Qe3 Nh7 46. Rhe1 Nf8 47. Re2 Rf5 48. Red2 Qc7 49. Qe4 Ka7 50. Ne1 Rh5 51. Nf3 Kb7 52. Kc3 Rh8 53. Ng5 Rh5 54. Nf3 Rh8 55. Rb1 Kc8 56. b4 cxb4+ 57. axb4 Kd8 58. Ra2 c5 59. bxc5 Bxc5 60. d4 Be7 61. Rxa6 Ke8 62. Raxb6 Qa7 63. Rb8+ Kf7 64. Ra8 Qc7 65. Ng5+ Kg8 66. Rbb8 Rh5 67. Rxf8+ Bxf8 68. Rxf8+ 1-0

[Event "Politiken Cup 35th"]
[Site "Helsingor"]
[Date "2013.07.30"]
[Round "5"]
[White "Nielsen, Jens Holm"]
[Black "Svedberg, Hans"]
[Result "1/2-1/2"]
[WhiteElo "1849"]
[BlackElo "2011"]
[PlyCount "85"]
[EventDate "2013.07.27"]
[EventType "swiss"]
[EventRounds "10"]
[EventCountry "DEN"]
[SourceTitle "CBM 155 Extra"]
[Source "ChessBase"]
[SourceDate "2013.08.26"]
[SourceVersion "1"]
[SourceVersionDate "2013.08.26"]
[SourceQuality "1"]

1. Nc3 c5 2. Nf3 Nc6 3. d4 cxd4 4. Nxd4 e6 5. e4 a6 6. Be3 Qc7 7. Qd2 Nf6 8. f3 h5 9. 0-0-0 Bb4 10. a3 Be7 11. Be2 d6 12. f4 Bd7 13. Bf3 Nxd4 14. Bxd4 e5 15. Be3 Bc6 16. Nd5 Bxd5 17. exd5 e4 18. Be2 0-0 19. Kb1 b5 20. Rc1 Qb7 21. Rhd1 Rac8 22. Qd4 Rfe8 23. Qa7 Qxa7 24. Bxa7 g6 25. h3 Nd7 26. Be3 h4 27. c4 bxc4 28. Rxc4 Rxc4 29. Bxc4 a5 30. Bb5 Rd8 31. Bxd7 Rxd7 32. Rd4 f5 33. b4 Rb7 34. Ka2 Bd8 35. Rc4 Kf7 36. Rc6 axb4 37. axb4 Rxb4 38. Rxd6 Bf6 39. Rb6 Rxb6 40. Bxb6 Ke7 41. Kb3 g5 42. Be3 gxf4 43. Bxf4 1/2-1/2

[Event "Politiken Cup 35th"]
[Site "Helsingor"]
[Date "2013.07.28"]
[Round "2"]
[White "Larsen, Karsten"]
[Black "Svedberg, Hans"]
[Result "1-0"]
[WhiteElo "2270"]
[BlackElo "2011"]
[PlyCount "81"]
[EventDate "2013.07.27"]
[EventType "swiss"]
[EventRounds "10"]
[EventCountry "DEN"]
[SourceTitle "CBM 155 Extra"]
[Source "ChessBase"]
[SourceDate "2013.08.26"]
[SourceVersion "1"]
[SourceVersionDate "2013.08.26"]
[SourceQuality "1"]

1. e4 d6 2. d4 Nf6 3. Bd3 e5 4. c3 d5 5. dxe5 Nxe4 6. Nf3 Be7 7. 0-0 Nc5 8. Bc2 Bg4 9. Nbd2 Nc6 10. Qe1 d4 11. Nxd4 Nxd4 12. cxd4 Qxd4 13. Nb3 Nxb3 14. Bxb3 0-0 15. Qe3 Qxe3 16. Bxe3 c5 17. f3 Be6 18. Bxe6 fxe6 19. Rac1 b6 20. Kf2 Rad8 21. Ke2 Rd5 22. f4 g6 23. b3 Rfd8 24. Kf3 Rd3 25. Ke4 a5 26. Rf2 Kf7 27. g4 Kg8 28. Rcc2 Rd1 29. Rfd2 R1xd2 30. Rxd2 Kf7 31. Rxd8 Bxd8 32. f5 gxf5+ 33. gxf5 Bh4 34. a4 Bd8 35. Bd2 exf5+ 36. Kxf5 Bc7 37. Bf4 Ke7 38. h3 Bb8 39. Bg5+ Ke8 40. Ke6 h5 41. Kd5 1-0

[Event "Prague Golden op 9th"]
[Site "Prague"]
[Date "2013.06.23"]
[Round "1"]
[White "Rut, Vojtech"]
[Black "Svedberg, Hans"]
[Result "1/2-1/2"]
[WhiteElo "2105"]
[BlackElo "2011"]
[PlyCount "88"]
[EventDate "2013.06.23"]
[EventType "swiss"]
[EventRounds "9"]
[EventCountry "CZE"]
[SourceTitle "CBM 155 Extra"]
[Source "ChessBase"]
[SourceDate "2013.08.26"]
[SourceVersion "1"]
[SourceVersionDate "2013.08.26"]
[SourceQuality "1"]

1. d4 Nf6 2. c4 g6 3. Nc3 d5 4. cxd5 Nxd5 5. g3 Bg7 6. Bg2 c6 7. Nf3 0-0 8. 0-0 Nd7 9. Nxd5 cxd5 10. Qb3 e6 11. Bf4 Nf6 12. Rac1 Ne8 13. Ne5 f6 14. Nd3 Rf7 15. e4 dxe4 16. Bxe4 Nd6 17. Bxd6 Qxd6 18. Nc5 Re7 19. Nxb7 Bxb7 20. Bxb7 Rb8 21. Rc8+ Kf7 22. Rxb8 Qxb8 23. Bd5 Qd6 24. Bc4 Qxd4 25. Rd1 Qe5 26. Qb5 Qxb5 27. Bxb5 f5 28. b3 e5 29. Bc4+ Ke8 30. Rd6 e4 31. Kf1 Rc7 32. Ke2 Be5 33. Rd5 Bb2 34. h4 Ke7 35. h5 Kf6 36. Rd6+ Kg5 37. hxg6 hxg6 38. a4 Ba3 39. Rd5 Bc5 40. a5 Kg4 41. a6 g5 42. Re5 Bd4 43. Rb5 Re7 44. Rb7 Re5 1/2-1/2

[Event "SWE-chT2 1112"]
[Site "Sweden"]
[Date "2011.12.03"]
[Round "3"]
[White "Jaderberg, Bjorn"]
[Black "Svedberg, Hans"]
[Result "1-0"]
[WhiteElo "2117"]
[BlackElo "2105"]
[PlyCount "87"]
[EventDate "2011.10.22"]
[EventType "team-tourn"]
[EventRounds "9"]
[EventCountry "SWE"]
[SourceTitle "EXT 2013"]
[Source "ChessBase"]
[SourceDate "2012.11.22"]
[SourceVersion "1"]
[SourceVersionDate "2012.11.22"]
[SourceQuality "1"]
[WhiteTeam "Farsta"]
[BlackTeam "Orgryte"]
[WhiteTeamCountry "SWE"]
[BlackTeamCountry "SWE"]

1. c4 e5 2. g3 Nf6 3. Bg2 d5 4. cxd5 Nxd5 5. Nc3 Nb6 6. Nf3 Nc6 7. 0-0 Be7 8. a3 0-0 9. b4 Be6 10. d3 f6 11. Rb1 a5 12. b5 Nd4 13. Nd2 Nd5 14. Bxd5 Bxd5 15. e3 Be6 16. exd4 Qxd4 17. Nde4 Rfd8 18. Bb2 a4 19. Qe2 Bb3 20. Rbc1 Qxd3 21. Qxd3 Rxd3 22. Nb1 Bd5 23. Nc5 Bxc5 24. Rxc5 c6 25. Rc3 Rxc3 26. Nxc3 Bb3 27. bxc6 bxc6 28. Ne4 Kf7 29. Rc1 Bd5 30. Nc5 g5 31. Bc3 g4 32. Rb1 Bf3 33. Rb7+ Kg6 34. Rd7 Rb8 35. Bb4 Ra8 36. Kf1 h5 37. Ke1 h4 38. Kd2 h3 39. Ke3 Kf5 40. Rd6 Bd5 41. Nd7 Rd8 42. Rxf6+ Kg5 43. Rd6 Re8 44. Nf6 1-0

[Event "Norrkoeping Easter op"]
[Site "Norrkoeping"]
[Date "2010.04.05"]
[Round "8"]
[White "Svedberg, Hans"]
[Black "Eriksson, Anders"]
[Result "1-0"]
[WhiteElo "2083"]
[BlackElo "2357"]
[PlyCount "47"]
[EventDate "2010.04.02"]
[EventType "swiss"]
[EventRounds "8"]
[EventCountry "SWE"]
[SourceTitle "CBM 135 Extra"]
[Source "ChessBase"]
[SourceDate "2010.05.04"]
[SourceVersion "1"]
[SourceVersionDate "2010.05.04"]
[SourceQuality "1"]

1. e4 c5 2. Nf3 e6 3. Nc3 Nc6 4. d4 cxd4 5. Nxd4 a6 6. Nxc6 bxc6 7. Bd3 d5 8. 0-0 Nf6 9. Qe2 Be7 10. b3 0-0 11. Bb2 d4 12. Na4 e5 13. c3 c5 14. cxd4 cxd4 15. Bc1 a5 16. Nb2 Nd7 17. Na4 Nb6 18. Nxb6 Qxb6 19. Bc4 a4 20. Bd2 axb3 21. axb3 Rb8 22. Ba5 Qd6 23. Rfc1 Bd8 24. b4 1-0

[Event "Gothenburg Elo"]
[Site "Gothenburg"]
[Date "2008.08.07"]
[Round "6"]
[White "Svedberg, Hans"]
[Black "Wickstrom, Tommy"]
[Result "1/2-1/2"]
[WhiteElo "2013"]
[BlackElo "1958"]
[PlyCount "51"]
[EventDate "2008.08.02"]
[EventType "tourn"]
[EventRounds "9"]
[EventCountry "SWE"]
[SourceTitle "CBM 125 Extra"]
[Source "ChessBase"]
[SourceDate "2008.09.01"]
[SourceVersion "1"]
[SourceVersionDate "2008.09.01"]
[SourceQuality "1"]

1. e4 e6 2. d4 d5 3. Nc3 Bb4 4. e5 c5 5. a3 Bxc3+ 6. bxc3 Qc7 7. Nf3 h6 8. a4 Qa5 9. Bd2 c4 10. h4 Bd7 11. Qb1 b6 12. Qa2 Ne7 13. Be2 0-0 14. 0-0 Nbc6 15. Qb1 Nd8 16. g3 Bxa4 17. Kg2 b5 18. Rh1 Ndc6 19. Qc1 Kh7 20. Nh2 Qb6 21. g4 Nxd4 22. cxd4 Qxd4 23. Bf3 Qxe5 24. Bf4 Qc3 25. Rxa4 bxa4 26. Bd2 1/2-1/2